000 00673nam a2200289Ia 4500
005 20260324140013.0
008 008 260324s9999 xx 000 0 eng d
020 _a9780203949481
037 _aEBOOK
040 _aCRL
040 _beng
040 _cCRL
041 _2eng
041 _aeng
084 _qCRL
100 _aRichard M. Steers
_91202756
245 0 _aMade in Korea
245 0 _bChung Ju Yung and the Rise of Hyundai
260 _bTaylor and Francis
260 _c1999
365 _a
365 _b240
856 _uhttp://www.taylorfrancis.com/books/9780203949481
942 _cEBOOK
999 _c1804367
_d1804367